000 00811nam a2200253Ia 4500
003 OSt
005 20260113112005.0
008 220926b |||||||| |||| 00| 0 eng d
020 _a0754608735
037 _cGeneral Book
040 _aRTL
_cRTL
_beng
041 _2eng
_aeng
084 _aY:3T6, P5
_qRTL
245 0 _aTime and place: the geohistory of art
260 _aAldershot
_bAshgate Publishing Ltd.
_c2005
300 _axiii, 224 p. : ill.
_bIncludes bibliographical references and index.
490 _aHistory of vision
500 _aBibliography: Chapterwise
650 _aSociology
_9864080
700 _akaufmann Thomas Dacosta
_9371382
_e Editor
700 _a pilliod Elizabeth
_e Editor
_9864081
942 _hY:3T6, P5
_cGB
_2CC
_n0
999 _c691579
_d691579